000 00493nam a22001697a 4500
005 20251108172704.0
008 250721s2002 xx 000 0 ara d
082 1 4 _a155.2/روس
100 1 _aأبو الروس، سهام موسى
_eمؤلف
245 1 0 _aتعرف على شخصيتك :
_bمن أنت ؟ /
264 1 _aعمان :
_bدار الإسراء،
_c2002.
300 _a79ص
650 1 7 _aالشخصية
650 1 7 _aدراسة الذات
942 _2ddc
_cBK
999 _c85987
_d85987